ABBA - Paroles Gimme! Gimme! Gimme! (A Man After Midnight) - Statistiques

Statistiques générales
  • Ce quiz a été pris 19 fois
  • Le résultat moyen est 232 sur 273
Statistiques - réponses
Hint Réponse % Correct
a
100%
after
100%
Post-refrain | Refrain Gimme,
100%
gimme,
100%
gimme
100%
I
100%
man
100%
me
100%
midnight
100%
the
100%
there
100%
to
100%
hear
93%
in
93%
Couplet 2 Movie
93%
my
93%
on
93%
one
93%
out
93%
so
93%
somebody
93%
away?
87%
darkness
87%
day
87%
help
87%
it
87%
No
87%
no
87%
of
87%
shadows
87%
soul
87%
Take
87%
win
87%
And
80%
and
80%
Couplet 1 Half
80%
prayer
80%
stars
80%
Won't
80%
12
73%
break
73%
chase
73%
past
73%
through
73%
window
73%
all
67%
I'm
67%
It's
67%
night
67%
not
67%
own
67%
Pré-refrain There's
67%
there's
67%
alone
60%
evening
60%
from
60%
end
53%
hate
53%
How
53%
makes
53%
see
53%
see,
53%
spend
53%
But
47%
depressed
47%
different
47%
open
47%
watchin'
47%
as
40%
into
40%
late
40%
livin'
40%
look
40%
outside
40%
rainbow
40%
show
40%
TV
40%
world
40%
around
33%
flat,
33%
gloom
33%
nothing
33%
room
33%
sight
33%
Tired
33%
fortune
27%
gaze
27%
winds
27%
Autumn
20%
Blowin'
20%
with
20%
Find
7%
Aucun quiz correspondant
Distribution des résultats
% des personnes avec chaque résultat
Percentile par nombre de réponses
Votre historique - résultats
Vous n’avez pas pris ce quiz